ਵਿਅੰਗ-ਤਰੰਗ / (Record no. 111128)

MARC details
000 -LEADER
fixed length control field 01011nam a22002417a 4500
010 ## - LIBRARY OF CONGRESS CONTROL NUMBER
LC control number A-824854
020 ## - INTERNATIONAL STANDARD BOOK NUMBER
Terms of availability 150.00
035 ## - SYSTEM CONTROL NUMBER
System control number A-824854
037 ## - SOURCE OF ACQUISITION
Stock number Cen Lib / Ret
040 ## - CATALOGING SOURCE
Original cataloging agency DPL
Language of cataloging PN
082 ## - DEWEY DECIMAL CLASSIFICATION NUMBER
Classification number 857
Item number ਗਰਗ
245 ## - TITLE STATEMENT
Title ਵਿਅੰਗ-ਤਰੰਗ /
Remainder of title ਹਾਸ-ਿਵਅੰਗ ਲੇਖ
Statement of responsibility, etc ਕੇ. ਐਲ. ਗਰਗ
246 ## - VARYING FORM OF TITLE
Title proper/short title Vyang-tarang : collection essays of the humour and staire /
Remainder of title edited by K. L. Garg
260 ## - PUBLICATION, DISTRIBUTION, ETC. (IMPRINT)
Place of publication, distribution, etc ਚੰਡੀਗੜ੍ਹ
Name of publisher, distributor, etc ਨੈਸ਼ਨਲ ਬੁਕ ਸ਼ਾਪ
Date of publication, distribution, etc 1996
270 ## - ADDRESS
Address ਪਲਈਅਰ ਗਾਰਡਨ ਮਾਰਕਿਟ, ਚਾਂਦਨੀ ਚੌਕ
City ਦਿੱਲੀ
Postal code 110006
300 ## - PHYSICAL DESCRIPTION
Extent 165p ;
Other physical details 24cm
650 ## - SUBJECT ADDED ENTRY--TOPICAL TERM
Topical term or geographic name as entry element Punjabi literature
9 (RLIN) 141159
650 ## - SUBJECT ADDED ENTRY--TOPICAL TERM
Topical term or geographic name as entry element Punjabi literature -- essays
9 (RLIN) 133522
650 ## - SUBJECT ADDED ENTRY--TOPICAL TERM
Topical term or geographic name as entry element ਪੰਜਾਬੀ ਸਾਹਿਤ
9 (RLIN) 141160
650 ## - SUBJECT ADDED ENTRY--TOPICAL TERM
Topical term or geographic name as entry element ਪੰਜਾਬੀ ਸਾਹਿਤ - ਲੇਖ
9 (RLIN) 6444
700 ## - ADDED ENTRY--PERSONAL NAME
Personal name ਗਰਗ, ਕੇ. ਐਲ.
9 (RLIN) 42260
942 ## - ADDED ENTRY ELEMENTS (KOHA)
Source of classification or shelving scheme Dewey Decimal Classification
Koha item type Punjabi Bks
Classification part 857
Call number suffix ਗਰਗ
Holdings
Withdrawn status Lost status Damaged status Not for loan Home library Current library Date acquired Source of acquisition Cost, normal purchase price Total Checkouts Full call number Barcode Date last seen Copy number Cost, replacement price Price effective from Koha item type
        Central Library Central Library 13/02/2016 Cen Lib/Ret 150.00   857 ਗਰਗ A-824854 13/02/2016 1 150.00 13/02/2016 Punjabi Bks

© Delhi Public Library
Hit Counter
free hit counter